00480nam a22001457a 4500020001800000082001600018100002200034245003600056260004000092300000800132650003300140942000700173952013700180999001700317 a9789388162166 a303.372 ANJ aAnjum, Md. Shakil aSocial Justice and Human Rights aNew DelhibInnovative Imprintc2018 a232 aSocial Justice, Human Rights cBK 001040708REFaHMIbHMIcGENd2020-09-15eDasgupta Publishers, Kolkatag1499.00l0o303.372 ANJp25730r2020-09-18w2020-09-18yBK c23048d23048